000
00293nam a2200133Ia 4500
005
20251222140059.0
008
251222s1900||||xx |||||||||||||| ||spa||
020
_a
8431307633
082
_a
160/S21
100
_a
Sanguineti, Juan José
245
0
_a
Lógica
264
_b
EUNSA
942
_c
LIB
999
_c
3882
_d
3882